<?xml version="1.0" encoding="UTF-8"?>
<record
    xmlns:xsi="http://www.w3.org/2001/XMLSchema-instance"
    xsi:schemaLocation="http://www.loc.gov/MARC21/slim http://www.loc.gov/standards/marcxml/schema/MARC21slim.xsd"
    xmlns="http://www.loc.gov/MARC21/slim">

  <leader>01496    a2200265   4500</leader>
  <controlfield tag="001">4097</controlfield>
  <controlfield tag="005">20260407155432.0</controlfield>
  <controlfield tag="008">260407a2010    arg                 spa d</controlfield>
  <controlfield tag="003">AR-UNSa-BCEJYS</controlfield>
  <datafield tag="040" ind1=" " ind2=" ">
    <subfield code="a">AR-UNSa-BCEJYS</subfield>
    <subfield code="b">spa</subfield>
    <subfield code="c">AR-UNSa-BCEJYS</subfield>
  </datafield>
  <datafield tag="080" ind1=" " ind2=" ">
    <subfield code="a">35.08</subfield>
    <subfield code="x">Personal administrativo. Funcionarios. plantilla. funci&#xF3;n p&#xFA;blica. Teor&#xED;a, organizaci&#xF3;n</subfield>
  </datafield>
  <datafield tag="245" ind1="1" ind2="0">
    <subfield code="a">R&#xE9;gimen de empleo p&#xFA;blico en la administraci&#xF3;n nacional</subfield>
    <subfield code="p">Ley marco de regulaci&#xF3;n de empleo p&#xFA;blico nacional aprobado por la Ley 25.164 y reglamentaci&#xF3;n, comentados y anotados con remisi&#xF3;n a los convenios colectivos de trabajo generales vigentes</subfield>
  </datafield>
  <datafield tag="020" ind1=" " ind2=" ">
    <subfield code="a">978-950-20-2105-8</subfield>
  </datafield>
  <datafield tag="250" ind1=" " ind2=" ">
    <subfield code="a">2a. ed.</subfield>
  </datafield>
  <datafield tag="264" ind1=" " ind2="1">
    <subfield code="a">Buenos Aires :</subfield>
    <subfield code="b">Abeledo Perrot</subfield>
    <subfield code="c">2010</subfield>
  </datafield>
  <datafield tag="300" ind1=" " ind2=" ">
    <subfield code="a">622 p.</subfield>
    <subfield code="c">24 cm.</subfield>
  </datafield>
  <datafield tag="505" ind1=" " ind2=" ">
    <subfield code="a">1. Marco normativo y autoridad de aplicaci&#xF3;n - 2. Requisitos para el ingreso - 3. Naturaleza de la relaci&#xF3;n de empleo - 4. Derechos - 5. Deberes, prohibiciones e incompatibilidades - 6. Sistema Nacional de la profesi&#xF3;n administrativa - 7. R&#xE9;gimen disciplinario - 8. Recurso judicial - 9. Causales de egreso - 10. Fondo permanente de capacitaci&#xF3;n y recalificaci&#xF3;n laboral </subfield>
  </datafield>
  <datafield tag="041" ind1=" " ind2=" ">
    <subfield code="a">spa</subfield>
  </datafield>
  <datafield tag="942" ind1=" " ind2=" ">
    <subfield code="c">BK</subfield>
  </datafield>
  <datafield tag="590" ind1=" " ind2=" ">
    <subfield code="a">niveau_biblio:m niveau_hierar:0</subfield>
  </datafield>
  <datafield tag="100" ind1="1" ind2=" ">
    <subfield code="a">Garc&#xED;a Pull&#xE9;s, Fernando</subfield>
  </datafield>
  <datafield tag="650" ind1=" " ind2=" ">
    <subfield code="a">Ley 25.164</subfield>
  </datafield>
  <datafield tag="856" ind1="4" ind2="1">
    <subfield code="u">https://biblioeco.unsa.edu.ar/pmb/images/libros/Regimen de empleo publico en la administracion nacional-l118398.jpg</subfield>
    <subfield code="y">Imagen de portada</subfield>
    <subfield code="q">image/jpeg</subfield>
  </datafield>
  <datafield tag="650" ind1=" " ind2=" ">
    <subfield code="a"> ley 25 164 </subfield>
  </datafield>
  <datafield tag="999" ind1=" " ind2=" ">
    <subfield code="c">391</subfield>
    <subfield code="d">391</subfield>
  </datafield>
  <datafield tag="952" ind1=" " ind2=" ">
    <subfield code="0">0</subfield>
    <subfield code="1">0</subfield>
    <subfield code="4">0</subfield>
    <subfield code="7">0</subfield>
    <subfield code="a">BCEJYS</subfield>
    <subfield code="b">BCEJYS</subfield>
    <subfield code="c">16</subfield>
    <subfield code="d">2026-04-07</subfield>
    <subfield code="l">0</subfield>
    <subfield code="o">35.08 G216</subfield>
    <subfield code="p">L118398</subfield>
    <subfield code="r">2026-04-07 15:54:32</subfield>
    <subfield code="w">2026-04-07</subfield>
    <subfield code="y">L</subfield>
  </datafield>
</record>
